| 000 | 00806nam a22002057a 4500 | ||
|---|---|---|---|
| 005 | 20240530110905.0 | ||
| 008 | 220221s2008 ua c g b 000 0 ara d | ||
| 017 | _bمصر. دار الكتب | ||
| 020 | _a978988452109 | ||
| 040 |
_aEG-CaGPL _cEG-CaGPL |
||
| 082 | 0 | 4 |
_221 _a305.244/ _bع ش |
| 100 | 0 | _aعلى الدين هلال | |
| 245 | 1 | 0 |
_aالشباب وثقافة الاصلاح / _cاعداد على الدين هلال ؛ تقديم اسماعيل سراج الدين ؛ تحرير محسن يوسف |
| 650 | 0 | 7 |
_2qrmak _aالشباب _zمصر |
| 651 | 0 | 7 |
_2qrmak _aمصر _xالاحوال الاجتماعية |
| 651 | 0 | 7 |
_2qrmak _aمصر _xالاحوال السياسية |
| 700 | 0 |
_aاسماعيل سراج الدين _eمقدم |
|
| 700 | 0 |
_aمحسن يوسف _eمحرر |
|
| 942 |
_2ddc _cBK |
||
| 999 |
_c66201 _d66201 |
||